[Event "World School-ch U15"]
[Site "Sochi"]
[Date "2016.12.09"]
[Round "7"]
[White "Sahin, Doga Boran"]
[Black "Ayush, Pattanaik"]
[Result "0-1"]
[WhiteElo "2185"]
[BlackElo "1798"]
[PlyCount "60"]
[EventDate "2016.12.03"]
[EventType "swiss"]
[EventRounds "9"]
[EventCountry "RUS"]
[SourceTitle "EXT 2018"]
[Source "ChessBase"]
[SourceDate "2017.10.13"]
[SourceVersion "1"]
[SourceVersionDate "2017.10.13"]
[SourceQuality "1"]

1. e4 e5 2. Nf3 Nc6 3. Bb5 a6 4. Ba4 Nf6 5. 0-0 b5 6. Bb3 Bc5 7. a4 Bb7 8. Nxe5 Nxe5 9. d4 Bxd4 10. Qxd4 d6 11. f4 c5 12. Qd1 Ng6 13. axb5 axb5 14. Rxa8 Bxa8 15. Nc3 c4 16. Ba2 Qb6+ 17. Kh1 0-0 18. Re1 Re8 19. f5 Ne5 20. h3 b4 21. Nd5 Nxd5 22. exd5 Qc5 23. Be3 Qxd5 24. Qxd5 Bxd5 25. Bd4 f6 26. c3 b3 27. Bb1 Ra8 28. Rd1 Ra1 29. Bxe5 fxe5 30. f6 Be4 0-1

[Event "World School-ch U15"]
[Site "Sochi"]
[Date "2016.12.04"]
[Round "2"]
[White "Van der Westhuizen, Donald"]
[Black "Ayush, Pattanaik"]
[Result "0-1"]
[WhiteElo "1508"]
[BlackElo "1798"]
[PlyCount "92"]
[EventDate "2016.12.03"]
[EventType "swiss"]
[EventRounds "9"]
[EventCountry "RUS"]
[SourceTitle "EXT 2018"]
[Source "ChessBase"]
[SourceDate "2017.10.13"]
[SourceVersion "1"]
[SourceVersionDate "2017.10.13"]
[SourceQuality "1"]

1. d4 d5 2. c4 e6 3. Nc3 Nf6 4. cxd5 exd5 5. Bg5 Nbd7 6. e3 c6 7. Bd3 Be7 8. Qc2 0-0 9. Nf3 Re8 10. 0-0 Ne4 11. Bxe4 Bxg5 12. Bxh7+ Kh8 13. Bf5 g6 14. Bxd7 Bxd7 15. Ne5 Kg7 16. f4 Bf6 17. Rf3 Bf5 18. Qb3 Bxe5 19. fxe5 b6 20. Raf1 Rh8 21. e4 dxe4 22. Nxe4 Qxd4+ 23. Re3 Be6 24. Qc3 Qxc3 25. Nxc3 Rad8 26. a3 Rd2 27. Re2 Rxe2 28. Nxe2 Bc4 29. Re1 Rd8 30. Nc3 Rd2 31. Rb1 Bb3 32. g3 Kf8 33. h4 Ke7 34. Ne4 Re2 35. Nc3 Rxe5 36. Kf2 Kd6 37. Re1 Rxe1 38. Kxe1 Ke5 39. Ke2 Kd4 40. Kd2 Bd5 41. Nd1 Ke4 42. Ne3 Kf3 43. g4 Kf4 44. Nxd5+ cxd5 45. h5 gxh5 46. gxh5 Kg5 0-1